Did Minecraft Ever Have That? - Statistics

General Stats
  • This quiz has been taken 21 times
  • The average score is 8 of 15
Answer Stats
Question Answer % Correct
Did Minecraft ever have more than 3 dimensions? Only in April Fools versions
81%
Did Minecraft ever have a racing minigame using the elytra? Yes
81%
Did Minecraft ever have non-infinte worlds? Yes
81%
Did Minecraft ever have an infinite lava source? Yes
81%
Did Minecraft ever have ducks? No
75%
Did Minecraft ever have Game of Life blocks? No
69%
Did Minecraft ever have a Block of Beef? No
56%
Did Minecraft ever have a Block of Corrupted Potato Peels? Only in April Fools versions
56%
Did Minecraft ever have fiber optic cables? No
50%
Did Minecraft ever have vertical slabs? No
44%
Did Minecraft ever had torches that would burn out? Only in April Fools versions
38%
Did Minecraft ever have milkable squids? Yes
38%
Did Minecraft ever have the ability to craft in-world rather than in the crafting table UI? Only in April Fools versions
25%
Did Minecraft ever have support for 3D glasses? Yes
25%
Did Minecraft ever have a biome known as Hell? Yes
19%
No matching quizzes found
Score Distribution
Percent of People with Each Score
Percentile by Number Answered
Your Score History
You have not taken this quiz